000 01304namaa22003131i 4500
005 20260310110623.0
008 260310s1994 ua a|||frm||| 000 0 eng d
040 _aEG-GICUC
_beng
_cEG-GICUC
_dEG-GICUC
_erda
041 0 _aeng
_beng
_bara
049 _aDeposit
097 _aM.Sc
099 _aCai01.11.15.M.Sc.1994.Na.E.
100 0 _aNagah Ahmed Mohamad Fadil,
_epreparation.
245 1 0 _aEffect Of Enviromental Factors On The Fetus /
_cBy Nagah Ahmed Mohamad Fadil; Supervised By Prof. Dr. Maher Mohammad Ahmed Abdel Wahab, Dr. Omaima Abdel Fattah Idris
246 1 5 _aتأثير عوامل البيئة على الجنين /
264 0 _c1994.
300 _a124 pages :
_billustrations ;
_c30 cm. +
336 _2rda content
_atext
337 _2rdamedia
_aUnmediated
338 _2rdacarrier
_avolume
502 _aThesis (M.Sc.) -Cairo University, 1994.
504 _aBibliography: pages 98-124.
653 0 _aGynccology And Obstetrics
700 0 _aMaher Mohammad Ahmed Abdel Wahab
_ethesis advisor.
700 0 _aOmaima Abdel Fattah Idris
_ethesis advisor.
900 _DDepartment of Gynccology And Obstetrics
_FFaculty of Medicine
_UCairo University
_b1994
_cMaher Mohammad Ahmed Abdel Wahab
_cOmaima Abdel Fattah Idris
905 _aEman El gebaly
942 _2ddc
_cTH
_e21
_n0
999 _c178969